Gares de la Corrèze - Statistiques

Statistiques générales
  • Ce quiz a été pris 144 fois
    29 depuis la dernière actualisation
  • Le résultat moyen est 9 sur 23
Statistiques - réponses
Nombre de voyageurs Gares % Correct
1 223 183 Brive la Gaillarde
95%
170 783 Tulle
95%
62 274 Ussel
86%
88 045 Uzerche
82%
30 977 Meymac
68%
46 963 Egletons
59%
35 310 Allassac
45%
7 311 Corrèze
45%
9 924 Cornil
36%
19 923 Objat
36%
10 482 Aubazines - Saint Hilaire
32%
8 253 Masseret
27%
2 888 Montaignac Saint Hippolyte
27%
10 215 Bugeat
23%
1 826 Jassoneix
23%
2 595 Varetz
23%
8 513 Vigeois
23%
1 241 Turenne
18%
1 884 Lacelle
14%
466 Pérols sur Vézère
14%
5 519 Saint Aulaire
14%
13 144 La Rivière de Mansac
9%
2 180 Le Burg
9%
Aucun quiz correspondant
Distribution des résultats
% des personnes avec chaque résultat
Percentile par nombre de réponses
Votre historique - résultats
Vous n’avez pas pris ce quiz depuis la dernière actualisation